[Event "AUS-ch reserves"]
[Site "Adelaide"]
[Date "2004.01.09"]
[Round "10.49"]
[White "Lindberg, Eric"]
[Black "Beckman, John"]
[Result "1-0"]
[WhiteElo "1426"]
[BlackElo "1563"]
[PlyCount "116"]
[EventDate "2003.12.??"]
[EventType "swiss"]
[EventRounds "11"]
[EventCountry "AUS"]
[SourceTitle "EXT 2005"]
[Source "ChessBase"]
[SourceDate "2004.11.15"]
[SourceVersion "1"]
[SourceVersionDate "2004.11.15"]
[SourceQuality "1"]

1. d4 Nf6 2. Nf3 d6 3. Bg5 h6 4. Bxf6 gxf6 5. Nc3 Bg4 6. Qd3 Nd7 7. 0-0-0 c5 8. h3 Bh5 9. g4 Bg6 10. e4 Bg7 11. Nh4 a6 12. Bg2 Bh7 13. f4 0-0 14. Nf3 b5 15. h4 c4 16. Qe3 b4 17. Nd5 a5 18. f5 Nb6 19. Nf4 a4 20. g5 e5 21. fxe6 fxg5 22. hxg5 hxg5 23. Rxh7 gxf4 24. Rxg7+ Kxg7 25. Qxf4 fxe6 26. Qg4+ Kf7 27. Ng5+ Ke8 28. Nxe6 Qd7 29. d5 Qh7 30. Rh1 Rg8 31. Qf4 Qe7 32. Bf3 Kd7 33. Bg4 Kc8 34. Bf5 c3 35. bxc3 bxc3 36. Kd1 Nc4 37. Rh7 Qxh7 38. Bxh7 Rg2 39. Qf8+ Kb7 40. Qe7+ Kb6 41. Qc7+ Kb5 42. Nd4+ Kb4 43. Qb7+ Ka3 44. Nb5+ Kb2 45. Nxd6+ Nb6 46. Nc4+ Kxa2 47. Nxb6 Rf8 48. Bf5 Rh8 49. Qh7 Rxh7 50. Bxh7 a3 51. Na4 Rd2+ 52. Ke1 Kb1 53. e5 Rxd5 54. Nxc3+ Kb2 55. Bg8 Rxe5+ 56. Kd2 Re8 57. Bb3 Rd8+ 58. Nd5 Rd6 1-0

[Event "AUS-ch reserves"]
[Site "Adelaide"]
[Date "2004.01.08"]
[Round "9.46"]
[White "Lindberg, Eric"]
[Black "Pleskot, Sylvia"]
[Result "0-1"]
[WhiteElo "1426"]
[BlackElo "1726"]
[PlyCount "57"]
[EventDate "2003.12.??"]
[EventType "swiss"]
[EventRounds "11"]
[EventCountry "AUS"]
[SourceTitle "EXT 2005"]
[Source "ChessBase"]
[SourceDate "2004.11.15"]
[SourceVersion "1"]
[SourceVersionDate "2004.11.15"]
[SourceQuality "1"]

1. d4 d5 2. Nf3 c6 3. e3 Bg4 4. Bd3 e6 5. Nbd2 f5 6. h3 Bxf3 7. Nxf3 Nf6 8. Ne5 Bd6 9. 0-0 0-0 10. b3 Nbd7 11. Bb2 Ne4 12. f4 Rf6 13. Rf3 Rh6 14. Bxe4 fxe4 15. Rg3 Nxe5 16. dxe5 Be7 17. Qe2 Qe8 18. Rf1 Rh5 19. Kh2 Rf5 20. Rg4 h5 21. Rg3 Bh4 22. Bc3 Bxg3+ 23. Kxg3 Qg6+ 24. Kh2 h4 25. Be1 Qh5 26. Qd1 g5 27. a3 Qf7 28. g4 hxg3+ 29. Kxg3 0-1